ARRUPE JESUIT UNIVERSITY

CORONAVIRUS -STOP THE SPREAD - CLEAN,DISINFECT,COVER

Jesuit higher education : (Record no. 125518)

MARC details
000 -LEADER
fixed length control field 00999cam a2200301 a 4500
001 - CONTROL NUMBER
control field 4803101
003 - CONTROL NUMBER IDENTIFIER
control field ARRUPE
005 - DATE AND TIME OF LATEST TRANSACTION
control field 20161017105933.0
008 - FIXED-LENGTH DATA ELEMENTS--GENERAL INFORMATION
fixed length control field 881205s1989 pau b 001 0 eng
010 ## - LIBRARY OF CONGRESS CONTROL NUMBER
LC control number 88033492
020 ## - INTERNATIONAL STANDARD BOOK NUMBER
International Standard Book Number 0820702080
040 ## - CATALOGING SOURCE
Original cataloging agency DLC
Transcribing agency DLC
Modifying agency DLC
043 ## - GEOGRAPHIC AREA CODE
Geographic area code n-us---
050 00 - LIBRARY OF CONGRESS CALL NUMBER
Classification number LC493.J47 1989
082 00 - DEWEY DECIMAL CLASSIFICATION NUMBER
Classification number 377.82/73
Edition number 19
300 ## - PHYSICAL DESCRIPTION
Dimensions 24 cm.
100 ## - MAIN ENTRY--PERSONAL NAME
Personal name Rolando E. Bonachea
9 (RLIN) 26765
245 00 - TITLE STATEMENT
Title Jesuit higher education :
Remainder of title essays on an American tradition of excellence /
Statement of responsibility, etc edited by Rolando E. Bonachea.
260 ## - PUBLICATION, DISTRIBUTION, ETC. (IMPRINT)
Place of publication, distribution, etc Pittsburgh, Pa. :
Name of publisher, distributor, etc Duquesne University Press,
Date of publication, distribution, etc c1989.
300 ## - PHYSICAL DESCRIPTION
Extent vii, 192 p.;
500 ## - GENERAL NOTE
General note Includes index.
504 ## - BIBLIOGRAPHY, ETC. NOTE
Bibliography, etc Bibliography: p. 176-188.
610 20 - SUBJECT ADDED ENTRY--CORPORATE NAME
Corporate name or jurisdiction name as entry element Jesuits
General subdivision Education
Geographic subdivision United States.
9 (RLIN) 26766
650 #0 - SUBJECT ADDED ENTRY--TOPICAL TERM
Topical term or geographic name as entry element Catholic universities and colleges
Geographic subdivision United States.
9 (RLIN) 13020
700 1# - ADDED ENTRY--PERSONAL NAME
Personal name Bonachea, Rolando E.
9 (RLIN) 26767
906 ## - LOCAL DATA ELEMENT F, LDF (RLIN)
a 7
b cbc
c orignew
d 1
e ocip
f 19
g y-gencatlg
942 ## - ADDED ENTRY ELEMENTS (KOHA)
Source of classification or shelving scheme Library of Congress Classification
Koha item type Monograph ( Printed materials)
Holdings
Withdrawn status Lost status Source of classification or shelving scheme Damaged status Not for loan Collection code Home library Current library Shelving location Date acquired Total Checkouts Full call number Barcode Date last seen Date checked out Price effective from Koha item type
    Library of Congress Classification     Main Collection ARRUPE LIBRARY ARRUPE LIBRARY Main Collection 17/10/2016 1 LC493.J47 1989 46500020802 29/10/2021 07/09/2017 17/10/2016 Monograph ( Printed materials)

 

Arrupe Library. PO Box MP320 Mt Pleasant, Harare, Zimbabwe
263 242 745411|librarian@aju.ac.zw